Von stabilen Partys und undurchdringlichen Poeten – Ein Wortspielquiz - Statistiken

Allgemein
  • Dieses Quiz wurde 258 mal gespielt
  • Das Durchschnittsergebnis liegt bei 11 aus 15
Antwortstatistiken
Umschreibung Antwort % Korrekt
gehörloser Stadtvogel taube Taube
99%
glanzlose Turnunterlage matte Matte
95%
undurchdringlicher Poet dichter Dichter
88%
kreisförmiger Wettbewerbsdurchgang runde Runde
85%
geräuschvolles Zupfinstrument laute Laute
84%
nächster Bayern-Torwart neuer Neuer
84%
mittellose Gliedmaßen arme Arme
82%
ungebundener Rotlichtviertelbesucher freier Freier
79%
wassergetränkter ägyptischer Präsident nasser Nasser
78%
stabile Partys feste Feste
68%
geschmeidige Gleisverbindung weiche Weiche
64%
betuchte Herrscherterritorien reiche Reiche
60%
schneller Schiffsverband flotte Flotte
53%
mutlose Südfrucht feige Feige
47%
ruppige Süßwasserfische barsche Barsche
41%
Keine übereinstimmenden Quizze gefunden
Verteilung der Resultate
Anzahl Personen mit jedem Resultat
Perzentil nach korrekt beantworteten Fragen
Ihre Resultats-Entwicklung
Sie haben dieses Quiz noch nicht gespielt